Fr. Conceicao Rodrigues College of Engineering

OSCAD:Open source EDA tool for circuit design (Record no. 31493)

MARC details
000 -LEADER
fixed length control field 00373nam a2200169Ia 4500
082 ## - DEWEY DECIMAL CLASSIFICATION NUMBER
Classification number 5.13
Item number YOG
100 ## - MAIN ENTRY--PERSONAL NAME
Personal name Yogesh/Save
245 ## - TITLE STATEMENT
Title OSCAD:Open source EDA tool for circuit design
260 ## - PUBLICATION, DISTRIBUTION, ETC.
Name of publisher, distributor, etc. SPD
Date of publication, distribution, etc. 2013
366 ## - TRADE AVAILABILITY INFORMATION
Publishers's discount category 25
300 ## - PHYSICAL DESCRIPTION
Extent 127
546 ## - LANGUAGE NOTE
Language note ENGLISH
-- electronics
650 ## - SUBJECT ADDED ENTRY--TOPICAL TERM
Topical term or geographic name entry element Open source tools
654 ## - SUBJECT ADDED ENTRY--FACETED TOPICAL TERMS
Focus term open source
942 ## - ADDED ENTRY ELEMENTS (KOHA)
Koha item type BOOK
Holdings
Withdrawn status Lost status Damaged status Not for loan Collection Home library Current library Date acquired Source of acquisition Cost, normal purchase price Inventory number Total Checkouts Full call number Barcode Date last seen Cost, replacement price Price effective from Koha item type
        CRC Fr. Agnel's C.Rodrigues College of Engineering Fr. Agnel's C.Rodrigues College of Engineering 17/03/2023 Allied Publishers 150.00 860 dt 29.12.2016   5.13 YOG 24485 17/03/2023 200.00   BOOK